The Innovation Mandate (Record no. 350718)

MARC details
000 -LEADER
fixed length control field 00509nam a2200169Ia 4500
008 - FIXED-LENGTH DATA ELEMENTS--GENERAL INFORMATION
fixed length control field 230718s9999 xx 000 0 und d
020 ## - INTERNATIONAL STANDARD BOOK NUMBER
International Standard Book Number 9781400214563
041 ## - LANGUAGE CODE
Language code of text/sound track or separate title eng
082 ## - DEWEY DECIMAL CLASSIFICATION NUMBER
Classification number 658.4'22
Item number WEB
100 ## - MAIN ENTRY--PERSONAL NAME
Personal name Webb N.J.
9 (RLIN) 201878
245 ## - TITLE STATEMENT
Title The Innovation Mandate
Remainder of title The Growth Secrects Of The Best Organizations In The World
260 ## - PUBLICATION, DISTRIBUTION, ETC. (IMPRINT)
Date of publication, distribution, etc. 2019
Name of publisher, distributor, etc. Harper Collins
300 ## - PHYSICAL DESCRIPTION
Extent 207
365 ## - TRADE PRICE
Currency code Rs.
Price amount 499.00
700 ## - ADDED ENTRY--PERSONAL NAME
Personal name Webb N.J.
9 (RLIN) 201878
906 ## - LOCAL DATA ELEMENT F, LDF (RLIN)
d O:0681720-Dec-2019B:555602-Dec-2019
c GENRL
b 124.75
Holdings
Withdrawn status Lost status Source of classification or shelving scheme Damaged status Not for loan Home library Current library Date acquired Vendor Budget Code Cost, normal purchase price Bill number Full call number Barcode Date last seen Discount Cost, replacement price Bill Date Koha item type Original Barcode
    Dewey Decimal Classification     Cummins College of Engineering for Women Pune Cummins College of Engineering for Women Pune 20/12/2019 Technical Book Services GENRL 374.25 5556 658.4'22 CCEP-BK-61925 08/09/2024 124.75 499.00 02/12/2019 Books 061925